Liderazgo y cultura organizacional para la innovación en empresas TIC, Telco y biotecnología de Latinoamérica (Registro nro. 12346)

Detalles MARC
000 -LEADER
fixed length control field 00479 a2200145 4500
001 - CONTROL NUMBER
control field ART_45373
005 - DATE AND TIME OF LATEST TRANSACTION
control field 20260410161630.0
008 - FIXED-LENGTH DATA ELEMENTS--GENERAL INFORMATION
fixed length control field 260409a
100 1# - MAIN ENTRY--PERSONAL NAME
Personal name Arteche, Mónica R. de
245 10 - TITLE STATEMENT
Title Liderazgo y cultura organizacional para la innovación en empresas TIC, Telco y biotecnología de Latinoamérica
700 1# - ADDED ENTRY--PERSONAL NAME
Personal name Welsh, Sandra V.
700 1# - ADDED ENTRY--PERSONAL NAME
Personal name Santucci, Marina
700 1# - ADDED ENTRY--PERSONAL NAME
Personal name Lerner, Alan M.
773 0# - HOST ITEM ENTRY
Title Enfoques
Related parts - Nº 2 (feb. 2018)
Record control number REV416

No hay ítems disponibles.